Poker - WSOP Main Event Winners - Statistics

General Stats
  • This quiz has been taken 61 times
  • The average score is 6 of 23
Answer Stats
Hint Answer % Correct
2003 Chris Moneymaker
73%
2025 Michael Mizrachi
56%
2009 Joe Cada
42%
2006 Jamie Gold
40%
2004 Greg Raymer
36%
2005 Joe Hachem
33%
2010 Jonathan Duhamel
29%
2016 Qui Nguyen
29%
2008 Peter Eastgate
24%
2011 Pius Heinz
22%
2022 Espen Jørstad
20%
2019 Hossein Ensan
20%
2024 Jonathan Tamayo
20%
2023 Daniel Weinman
18%
2012 Greg Merson
18%
2015 Joe McKeehen
18%
2021 Koray Aldemir
18%
2014 Martin Jacobson
18%
2017 Scott Blumstein
18%
2020 Damian Salas
16%
2007 Jerry Yang
16%
2018 John Cynn
13%
2013 Ryan Riess
11%
No matching quizzes found
Score Distribution
Percent of People with Each Score
Percentile by Number Answered
Your Score History
You have not taken this quiz